Uczestnicy Turnieju Geoguessr - JetPunk Polska - Statystyki

Ogólne statystyki
  • Ten quiz został rozwiązany 10 razy
    3 od ostatniego zresetowania
  • Średni wynik to 6 z 16
Statystyki odpowiedzi
Pozycja Uczestnik % Poprawnych
Ćwierćfinalista ant512
67%
1/8 LoanBurak
67%
Półfinalista Nevevn363
67%
Ćwierćfinalista Togoland
67%
1/8 gggff1
33%
Finalista Jakistyp
33%
1/8 Levisek27
33%
1/8 Pandryf
33%
Ćwierćfinalista Pixelek23
33%
1/8 Polak123456789
33%
Ćwierćfinalista rantykox
33%
1/8 youtubeplayer
33%
1/8 zwirek578
33%
1/8 MixerZdzisiu
0%
Półfinalista SajmoneX
0%
Zwycięzca TigerPl
0%
Nie znaleziono quizów pasujących do podanych kryteriów
Rozkład punktacji
Procent ludzi z każdym wynikiem
Percentyl według liczby udzielonych odpowiedzi
Twoja historia wyników
Nie rozwiązałeś tego quizu od ostatniego zresetowania